书目信息 |
| 题名: |
到处都有声音
|
|
| 作者: | 曾费弗 文 ;凯勒 , 谢维玲 图 | |
| 分册: | ||
| 出版信息: | 北京 北京联合出版公司 2012.05 |
|
| 页数: | 32页 | |
| 开本: | 21×26cm | |
| 丛书名: | ||
| 单 册: | ||
| 中图分类: | Q42-49 , O42-49 | |
| 科图分类: | ||
| 主题词: | 声--儿童读物 , 声 , 声学 | |
| 电子资源: | ||
| ISBN: | 978-7-5502-0663-2 | |
| 000 | 00914nam0 2200301 450 | |
| 001 | 340 | |
| 005 | 20180922081304.33 | |
| 010 | @a978-7-5502-0663-2@dCNY15.00 | |
| 100 | @a20120815d2012 bemy0chiy50 ea | |
| 101 | 1 | @achi@ceng |
| 102 | @aCN@b110000 | |
| 105 | @aa z 000yy | |
| 200 | 1 | @a到处都有声音@9dao chu dou you sheng yin@f温迪·曾费弗(Wendy Pfeffer)文@g霍利·凯勒(Holly Keller)图@g谢维玲翻译 |
| 210 | @a北京@c北京联合出版公司@d2012.05 | |
| 215 | @a32页@c彩图@d21×26cm | |
| 300 | @a自然科学启蒙·第一辑(适合3~6岁阅读) | |
| 312 | @a版权页英文题名:Sounds all around | |
| 510 | 1 | @aSounds all around@zeng |
| 606 | 0 | @a声@j儿童读物 |
| 606 | 0 | @a声 |
| 606 | 0 | @a声学 |
| 690 | @aQ42-49@v5 | |
| 690 | @aO42-49@v4 | |
| 701 | 0 | @a曾费弗@9zeng fei fu@4文 |
| 702 | 0 | @a凯勒@9kai le@4图 |
| 702 | 0 | @a谢维玲@9xie wei ling@4翻译 |
| 801 | 0 | @aCN@b91MARC@c20130904 |
| 905 | @aMuseLib@dO42-49@e29 | |
| 到处都有声音/温迪·曾费弗(Wendy Pfeffer)文/霍利·凯勒(Holly Keller)图/谢维玲翻译.-北京:北京联合出版公司,2012.05 |
| 32页:彩图;21×26cm |
| 自然科学启蒙·第一辑(适合3~6岁阅读) |
| ISBN 978-7-5502-0663-2:CNY15.00 |
| ● |
| 相关链接 |
|
|
|
|
正题名:到处都有声音
索取号:O42-49/29
 
预约/预借
| 序号 | 登录号 | 条形码 | 馆藏地/架位号 | 状态 | 备注 |
| 1 | 1119419 | 211194198 | 第二样本阅览室/ [索取号:O42-49/29] | 在馆 | |
| 2 | 1119420 | 211194205 | 密集书库-数信学院/ [索取号:O42-49/29] | 在馆 | |
| 3 | 1119421 | 211194214 | 第三借阅区/ [索取号:O42-49/29] | 在馆 | |
| 4 | 1119422 | 211194223 | 第三借阅区/ [索取号:O42-49/29] | 在馆 | |
| 5 | 1119423 | 211194232 | 第三借阅区/ [索取号:O42-49/29] | 在馆 |